00509cam a22002171 4500001001300000003000400013005001700017008004100034010001700075035002000092040001800112042001200130050001600142100002500158245001900183260001100202300002200213500001500235650002400250999001700274sa 64006217 DLC20260227112038.0881102s1963 xx 000 0 gujo  asa 64006217  a(OCoLC)23538112 aDLCcMiUdDLC apremarc00aPK1850b.T51 aThakar, Dhirubhai P.10aRasa ane ruci. c[1963] a8, 301 p.c19 cm. aRomanized. 0aGujarati literature c59581d59581